| 000 | 00714nam a22002177a 4500 | ||
|---|---|---|---|
| 003 | OSt | ||
| 005 | 20250919150100.0 | ||
| 008 | 250515t2024 ag ao|||r|||| 00| 0dspa d | ||
| 020 | _a978-987-8429-35-9 | ||
| 040 | _cbesoc | ||
| 080 | _094(821.6) | ||
| 100 | 1 |
_aÁlvarez, Juan, _d1878-1954 _eautor |
|
| 245 | 1 | 0 |
_aHistoria de Rosario : _b1689-1939 / _cJuan Álvarez. |
| 250 | _a3a ed. | ||
| 260 |
_aRosario : _bEditorial Municipal de Rosario ; _bUNR Editora, _c2024. |
||
| 300 |
_a584 p. : _bil. y fot. ; _c23 cm. |
||
| 500 | _aPróloga a la tercera edición de Mario Glück. | ||
| 500 | _aPrólogo de Alicia Megías. | ||
| 650 | 4 |
_aRosario _vHistoria _ySiglo XVII _ySiglo XVIII _ySiglo XIX _ySiglo XX |
|
| 942 |
_2udc _cOG _n0 |
||
| 999 |
_c486 _d486 |
||